Statistics for Most Taken Jetpunk Quizzes

Click here to take the quiz!

General Stats

  • This quiz has been taken 12 times
  • The average score is 2 of 10

Answer Stats

HintAnswer% Correct
32,641,654Countries of the World Quiz
100%
11,570,207US States Quiz
50%
3,593,230Europe Map Quiz
13%
3,785,140World Capitals Quiz
13%
3,336,92312 Months in 15 Seconds
0%
4,148,297Countries by First Two Letters in 90 Seconds
0%
4,155,357Fast Typing 1 to 100
0%
4,138,116Fast Typing A to Z
0%
3,510,076United States Map Quiz
0%
5,111,046World Map Without 20 Random Countries
0%

Score Distribution

Percentile by Number Answered

Percent of People with Each Score

Your Score History

You have not taken this quiz